000 00358nam a2200157Ia 4500
008 210210b1949 xxu||||| |||| 00| 0 eng d
041 _aeng
082 _a821/358
100 _aLEAR (E)
245 _aNonsence songs
260 _aLondon
_bNot Mentioned
_c1949
650 _asongs
650 _aNonsence
690 _aEnglish Literature
906 _a011527
999 _c130204
_d130204